[Event "FRA-chT2 0910"]
[Site "France"]
[Date "2009.10.17"]
[Round "2.7"]
[White "Borron, Herve"]
[Black "Serreau, David"]
[Result "0-1"]
[WhiteElo "1810"]
[BlackElo "2175"]
[PlyCount "70"]
[EventDate "2009.09.27"]
[EventType "team-tourn"]
[EventRounds "11"]
[EventCountry "FRA"]
[SourceTitle "EXT 2011"]
[Source "ChessBase"]
[SourceDate "2010.11.26"]
[SourceVersion "1"]
[SourceVersionDate "2010.11.26"]
[SourceQuality "1"]

1. e4 c5 2. Nf3 d6 3. d4 cxd4 4. Nxd4 Nf6 5. Nc3 a6 6. Be3 e5 7. Nb3 Be6 8. Be2 Be7 9. 0-0 0-0 10. f4 Qc7 11. f5 Bc4 12. Bxc4 Qxc4 13. Nd5 Nxd5 14. exd5 Nd7 15. Qf3 Nf6 16. Qg3 Nxd5 17. Bh6 Bf6 18. Bxg7 Bxg7 19. f6 Nxf6 20. Rxf6 Kh8 21. Rf5 Qxc2 22. Rh5 Qg6 23. Qh3 f5 24. Nd2 e4 25. Rf1 f4 26. Rh4 Bd4+ 27. Kh1 e3 28. Nf3 e2 29. Rc1 Be3 30. Rg4 Qd3 31. Qh6 Rf7 32. h3 Bxc1 33. Ng5 e1Q+ 34. Kh2 Qdg3+ 35. Rxg3 fxg3# 0-1

[Event "Loire-ch op 0506"]
[Site "Loire"]
[Date "2006.02.11"]
[Round "3"]
[White "Rogues, Jean Luc"]
[Black "Borron, Herve"]
[Result "0-1"]
[WhiteElo "1470"]
[BlackElo "1790"]
[PlyCount "84"]
[EventDate "2005.11.27"]
[EventType "swiss"]
[EventRounds "6"]
[EventCountry "FRA"]
[SourceTitle "EXT 2008"]
[Source "ChessBase"]
[SourceDate "2007.11.25"]
[SourceVersion "1"]
[SourceVersionDate "2007.11.25"]
[SourceQuality "1"]

1. d4 f5 2. c4 g6 3. Nc3 Nf6 4. Bg5 Bg7 5. e3 0-0 6. Bxf6 Bxf6 7. Bd3 d6 8. Nge2 e5 9. dxe5 dxe5 10. e4 f4 11. Qc2 Nd7 12. 0-0 Nc5 13. Rad1 Bg7 14. f3 Qg5 15. g3 fxg3 16. Nxg3 Bh3 17. Rf2 h5 18. Kh1 h4 19. Rg1 hxg3 20. Rxg3 Qh6 21. Nd5 Nxd3 22. Qxd3 Rad8 23. Qb3 Kf7 24. c5 Bf6 25. Nf4+ Kg7 26. Rxg6+ Qxg6 27. Nxg6 Kxg6 28. Qc2 Bh4 29. Rd2 Rxf3 30. Rg2+ Kh5 31. Qe2 Bxg2+ 32. Kxg2 Rdf8 33. Qxf3+ Rxf3 34. Kxf3 Be1 35. a3 Bd2 36. b4 Bc1 37. a4 Ba3 38. c6 bxc6 39. b5 c5 40. Ke3 c4 41. Kd2 Bb4+ 42. Kc2 c3 0-1

[Event "Loire-ch op"]
[Site "Loire"]
[Date "2004.01.10"]
[Round "2"]
[White "Barnes, Pierrick"]
[Black "Borron, Herve"]
[Result "1-0"]
[WhiteElo "1930"]
[BlackElo "1190"]
[PlyCount "79"]
[EventDate "2004.01.10"]
[EventType "swiss"]
[EventRounds "9"]
[EventCountry "FRA"]
[SourceTitle "EXT 2008"]
[Source "ChessBase"]
[SourceDate "2007.11.25"]
[SourceVersion "1"]
[SourceVersionDate "2007.11.25"]
[SourceQuality "1"]

1. d4 d5 2. c4 dxc4 3. e4 Nf6 4. Nc3 Nc6 5. Nf3 e6 6. Bxc4 Bb4 7. Bg5 h6 8. Bxf6 Qxf6 9. e5 Qg6 10. 0-0 0-0 11. Ne2 b6 12. a3 Be7 13. Bb3 Bb7 14. Bc2 f5 15. Nf4 Qf7 16. Bb3 Nd8 17. Rc1 g5 18. Nd3 Rc8 19. Bc4 Bd5 20. Ba6 Bb7 21. Bc4 Bd5 22. Qb3 Nb7 23. Bxd5 exd5 24. Nb4 Bxb4 25. Qxb4 c5 26. Qd2 Na5 27. dxc5 Nb3 28. Qe3 Nxc1 29. Rxc1 bxc5 30. Rxc5 Rxc5 31. Qxc5 Re8 32. Qd4 Rc8 33. h3 Kg7 34. e6+ Qf6 35. Qxd5 Qxb2 36. Qd7+ Kf6 37. Qxc8 Qb1+ 38. Kh2 Qd3 39. Qd7 Qb3 40. Qf7# 1-0